000 00468nam a22001697a 4500
005 20251108164320.0
008 250721s1991 xx 000 0 ara d
082 1 4 _a355.43/مصط
100 1 _aطلاس، مصطفى
245 1 0 _aالإستراتيجية السياسية العسكرية /
264 1 _aدمشق :
_bدار طلاس،
_c1991.
300 _a
650 1 7 _aالإستراتيجية
650 1 7 _aالحرب
942 _2ddc
_cBK
999 _c9113
_d9113